000
00278nam a22001337a 4500
008
170504b xxu||||| |||| 00| 0 eng d
020
_a
9780737701470
041
_a
eng
080
_a
343
100
_a
14
101
_a
SHJ
245
_a
PRISONS
_c
GRAPES, B.J
942
_2
udc
_c
BK
999
_c
12659
_d
12659